000 00951nam a2200277Ia 4500
003 OSt
005 20221005111006.0
006 a|||||r|||| 00| 0
007 ta
008 221004b |||||||| |||| 00| 0 hin d
020 _a9788183616638 (hbk)
_c590
024 _a15670
037 _bBR6169, 24/12/2014, Rajkamal Prakashan Pvt. Ltd.
_cTextual
040 _aCRL
_cCRL
_bhin
041 _2hin
_ahin
082 _aO152,1N3611x, P4
100 _aगुलज़ार
245 0 _aकुछ और नज़्में
246 _aKuchh aur naja़mean
250 _a2 संस्करण
260 _aनई दिल्ली
_bराधाकृष्ण भारत
_c2014
300 _a177पृ0
_ccm.
650 _aहिन्दी साहित्य
942 _hO152,1N3611x, P4
_cTEXL
_2cc
999 _c1020497
_d1020497